000 00519nam a2200169 i 4500
001 78878
003 ES-MaACL
005 20230906173837.0
007 t|
008 041018s1972 sp ||||1| spa d
100 1 _aHayter, Teresa.
_962219
245 1 0 _aAyuda e imperialismo /
_cTeresa Hayter ; [traducción del inglés por Ramón Fernández Rubies].
260 _aBarcelona :
_bPlaneta,
_c[1972]
300 _a262 p. ;
_c21 cm.
700 1 _aFernández Rubies, Ramón.
_950050
852 _aES-MaACL
_jC-42751
_bR.82191
999 _c78878
_d78878